书目信息 |
| 题名: |
生活中的经济学
|
|
| 作者: | 贝克 , 贝克 | |
| 分册: | ||
| 出版信息: | 北京 华夏出版社 2003 |
|
| 页数: | 245页 | |
| 开本: | 23cm | |
| 丛书名: | 当代西方经济学经典译丛 | |
| 单 册: | ||
| 中图分类: | F0-49 | |
| 科图分类: | ||
| 主题词: | 经济学--通俗读物 | |
| 电子资源: | ||
| ISBN: | 978-7-5080-2888-0 | |
| 000 | 01137nam0 2200277 450 | |
| 000 | 01143nam0 2200277 450 | |
| 000 | 01075nam0 2200253 450 | |
| 000 | 01039nam0 2200241 45 | |
| 005 | 20070518133104.31 | |
| 010 | @a978-7-5080-2888-0@dCNY25.00 | |
| 100 | @a20070321e20072003em y0chiy0120 ea | |
| 101 | 0 | @achi |
| 102 | @aCN@b110000 | |
| 105 | @ay z 000yy | |
| 200 | 1 | @a生活中的经济学@ASheng Huo Zhong De Jing Ji Xue@f(美)贝克(Becker,G.S.),(美)贝克(Becker,G.N.)著@F( Mei ) Bei Ke (Becker,G.S.),( Mei ) Bei Ke (Becker,G.N.) Zhu@g薛迪安译 |
| 210 | @a北京@c华夏出版社@d2003@h2007 | |
| 215 | @a245页@d23cm | |
| 225 | 2 | @a当代西方经济学经典译丛 |
| 330 | @a本书包括:政府管制与自由化政策;劳工市场及移民问题;人力资源和学校教育;家庭问题;歧视问题;犯罪和毒瘾问题;利益团体和政府决策;政府和税收制度;国际贸易和国际协议;股票市场和经济衰退;经济学家等内容。 | |
| 410 | 0 | @12001 @a当代西方经济学经典译丛 |
| 606 | 0 | @a经济学@x通俗读物 |
| 690 | @aF0-49@v4 | |
| 701 | 0 | @c(美)@a贝克@ABei Ke@g(Becker,G.S.)著 |
| 701 | 0 | @c(美)@a贝克@ABei Ke@g(Becker,G.N.)著 |
| 801 | 0 | @aCN@bTAOJIN@c20070518 |
| 905 | @a10447@dF0-49@e280 | |
| 生活中的经济学/(美)贝克(Becker,G.S.),(美)贝克(Becker,G.N.)著/薛迪安译.-北京:华夏出版社,2003(2007) |
| 245页;23cm.-(当代西方经济学经典译丛) |
| ISBN 978-7-5080-2888-0:CNY25.00 |
| 本书包括:政府管制与自由化政策;劳工市场及移民问题;人力资源和学校教育;家庭问题;歧视问题;犯罪和毒瘾问题;利益团体和政府决策;政府和税收制度;国际贸易和国际协议;股票市场和经济衰退;经济学家等内容。 |
| ● |
| 相关链接 |
|
|
|
|
正题名:生活中的经济学
索取号:F0-49/280
 
预约/预借
| 序号 | 登录号 | 条形码 | 馆藏地/架位号 | 状态 | 备注 |
| 1 | 0521369 | 205213696 | 第一样本阅览室/ [索取号:F0-49/280] | 在馆 | |
| 2 | 0521370 | 205213703 | 第一借阅区/ [索取号:F0-49/280] | 在馆 | |
| 3 | 0521371 | 205213712 | 第一借阅区/ [索取号:F0-49/280] | 在馆 | |
| 4 | 0521372 | 205213721 | 第一借阅区/ [索取号:F0-49/280] | 在馆 | |
| 5 | 0521373 | 205213730 | 第一借阅区/ [索取号:F0-49/280] | 在馆 | |
| 6 | 0521374 | 205213749 | 第一借阅区/ [索取号:F0-49/280] | 在馆 | |
| 7 | 0521375 | 205213758 | 第一借阅区/ [索取号:F0-49/280] | 在馆 | |
| 8 | 0521376 | 205213767 | 第一借阅区/ [索取号:F0-49/280] | 在馆 |